banner koha

Virulence, resistance, and genetic relatedness of Escherichia coli and Klebsiella sp. isolated from mule foals (Registro n. 300484)

MARC details
000 -LÍDER
fixed length control field 04307nab a2200361 i 4500
003 - CÓDIGO MARC DA AGÊNCIA CATALOGADORA
Campo de controle BR-BrBNA
005 - DATA E HORA DA ÚLTIMA ATUALIZAÇÃO
Campo de controle 20240711141559.0
008 - CAMPO DE TAMANHO FIXO
fixed length control field 240711b2017 bl.|r|pooa||| 00| 0 eng |
040 ## - FONTE DA CATALOGAÇÃO
Agência catalogadora BR-BrBNA
Idioma da catalogação eng
072 ## - CATEGORIA AGRIS
Código AGRIS L73
Código do objeto 5130
100 ## - ENTRADA PRINCIPAL - NOME PESSOAL
Nome pessoal Carneiro, V.C.
100 ## - ENTRADA PRINCIPAL - NOME PESSOAL
Nome pessoal Lessa ,D.A.B.
100 ## - ENTRADA PRINCIPAL - NOME PESSOAL
Nome pessoal Guttmann, P.M.
100 ## - ENTRADA PRINCIPAL - NOME PESSOAL
Nome pessoal Magalhaes, H.
100 ## - ENTRADA PRINCIPAL - NOME PESSOAL
Nome pessoal Aquino, M.H.C.
100 ## - ENTRADA PRINCIPAL - NOME PESSOAL
Nome pessoal Cunha, L.E.R.
100 ## - ENTRADA PRINCIPAL - NOME PESSOAL
Nome pessoal Arais, L.R.
100 ## - ENTRADA PRINCIPAL - NOME PESSOAL
Nome pessoal Cerqueira, A.M.F.
245 ## - TÍTULO PRINCIPAL
Título principal Virulence, resistance, and genetic relatedness of Escherichia coli and Klebsiella sp. isolated from mule foals
500 ## - NOTA GERAL
Nota geral Publicação online; 31 ref.; 4 illus.; Summaries (En, Pt)
942 ## - ADDED ENTRY ELEMENTS (KOHA)
Koha item type
520 ## - NOTA DE RESUMO
Nota de conteúdo <br/>ABSTRACT - Respiratory diseases are common in young horses but little is known about such infections in mule foals. This study aimed to characterize Escherichia coli and Klebsiella sp. isolated from tracheal wash (TW) and fecal samples (FS) of mule foals, with or without cytological evidence of respiratory disease. Strains were analyzed against 13 antimicrobials, for presence of Extended spectrum beta-lactamase (ESBL), and virulence genes. Phylogrouping and Randomic (RAPD)-PCR profiles were used to evaluate their genetic relatedness. E. coli strains from TW and FS showed greatest resistance to tetracycline, while Klebsiella strains were mainly resistant to ampicillin; multidrug resistance and ESBL production were also detected. The blaCTX gene prevailed among the E. coli isolates, while the blaSHV gene was more frequently found in K. pneumoniae. The fimH gene was detected in most of the isolates and multiple virulence factors were identified in three E. coli isolates. Most of the E. coli isolates belonged to the B1 phylogroup, but B2 strains displayed more virulence genes. The RAPD assay revealed genetic diversity among strains and was able to distinguish FS isolates from TW isolates. Knowledge of the bacteria associated with the respiratory tract of mule foals is important in the treatment of sick animals.<br/><br/><br/>Keywords: Escherichia coli, Klebsiella, respiratory disease, virulence, antimicrobial resistance
520 ## - NOTA DE RESUMO
Nota de conteúdo <br/>RESUMO - Doenças respiratórias são comuns em potros de equinos, porém pouco se sabe sobre tais infecções em potros de muar. Este estudo buscou caracterizar Escherichia coli e Klebsiella sp. isolados de lavados traqueais (TW) e amostras fecais (FS) de potros de muar com e sem evidências citológicas de doença respiratória. As amostras bacterianas foram testadas contra 13 antimicrobianos, para a presença de genes de resistência estendida às betalactamases (ESBL) e de virulência. Filogrupagem e perfis de PCR randômicos (RAPD) foram usados para avaliar sua relação genética. As amostras de E. coli de TW e FS mostraram maior resistência à tetraciclina, enquanto as amostras de Klebsiella foram mais resistentes à ampicilina; multirresistência e produção de ESBL também foram detectadas. O gene blaCTX foi mais frequente entre E. coli, enquanto o gene blaSHV foi mais encontrado entre K. pneumoniae. O gene fimH foi detectado na maioria dos isolados de E. coli, enquanto múltiplos genes de virulência foram identificados em três isolados de E. coli. A maioria dos isolados de E. coli pertenceu ao filogrupo B1, porém somente isolados do filogrupo B2 apresentaram mais genes de virulência. Os ensaios de RAPD demonstraram a diversidade genética entre as amostras e distinguiram amostras TW e FS. O conhecimento de bactérias associadas a infecções de trato respiratório de potros de muar é importante no tratamento de animais doentes.<br/><br/><br/>Palavras-chave: Escherichia coli, Klebsiella, doença respiratória, virulência, resistência antimicrobiana
650 ## - ASSUNTO - THESAGRO
Cabeçalho tópico ou nome geográfico MULA
650 ## - ASSUNTO - THESAGRO
Cabeçalho tópico ou nome geográfico POTRO
650 ## - ASSUNTO - THESAGRO
Cabeçalho tópico ou nome geográfico DOENÇA ANIMAL
650 ## - ASSUNTO - THESAGRO
Cabeçalho tópico ou nome geográfico APARELHO RESPIRATÓRIO
650 ## - ASSUNTO - THESAGRO
Cabeçalho tópico ou nome geográfico BACTÉRIA
650 ## - ASSUNTO - THESAGRO
Cabeçalho tópico ou nome geográfico PATOGENICIDADE
773 0# - ENTRADA ANALÍTICA
Host Biblionumber 1643
Registro do item 316243
Imprenta Belo Horizonte-MG Universidade Federal de Minas Gerais - Escola de Veterinaria 1983
Outro identificador 2024-2644
Título Arquivo Brasileiro de Medicina Veterinária e Zootecnia (Brazil)
ISSN 0102-0935
Colação v. 69(5) p. 1073-1082. (2017)
Número de controle de registro BR2024001676
856 ## - ACESSO E ENDEREÇO ELETRÔNICO
Identificador uniforme de recurso - URI https://www.scielo.br/j/abmvz/a/Bf3x8jyNFvmRY8ntBNvsCvy/?format=pdf&lang=en

Nenhum exemplar disponível.

BINAGRI

Telefone: (61)3218-2567/2388/3357/2097 - binagri@agro.gov.br

Ministério da Agricultura e Pecuária , Esplanada dos Ministérios, Bloco D, Anexo B, Brasília/DF, CEP: 70.043-900